000 00712nam a22002417a 4500
003 UA-OsUOA
001 108266
007 ta
008 20141014b un ||||| |||| 00| 0 ukr d
090 _a82.09(477)
_bП35
942 _cBK
040 _aUA-OsUOA
_bukr
_cUA-OsUOA
_dUA-OsUOA
245 _aПисьменники України - жертви сталінських репресій
300 _a494 с.
955 _a2
041 _aukr
080 _a82.09(477)
020 _a5-333-01078-1
260 _aК.
_bРядянський письменник
_c1991
250 _nВипуск перший
650 7 _a82 Література. Літературознавство
_2UDC
999 _c394209
_d394209